[Event "4NCL Online Division 7"]
[Site "online"]
[Date "2021.04.06"]
[EventDate "2021.04.06"]
[Round "6.91"]
[White "Muhunthan, Charukgan"]
[WhiteElo "1802"]
[WhiteTeam "Redbridge All Sorts 3"]
[Black "Pantazopoulos, Stavros"]
[BlackElo "2176"]
[BlackTeam "Hebden Bridge 1"]
[Result "1/2-1/2"]
[PlyCount "85"]

1. e4 c5 2. Nf3 Nc6 3. d4 cxd4 4. Nxd4 Nf6 5. Nc3 e5 6. Ndb5 d6 7. Nd5 Nxd5 8. exd5 Nb8 9. c4 a6 10. Nc3 Be7 11. Bd3 O-O 12. O-O f5 13. f3 Bf6 14. Qc2 g6 15. Bh6 Rf7 16. Rab1 Nd7 17. b4 Bg5 18. Bxg5 Qxg5 19. Na4 b6 20. Rf2 Qe3 21. Qe2 Qxe2 22. Rxe2 Rb8 23. Rbe1 Bb7 24. Nc3 Rc8 25. Rc2 e4 26. fxe4 Ne5 27. Bf1 Nxc4 28. exf5 Na3 29. Rcc1 Rxf5 30. Re7 Bxd5 31. Bxa6 Rc6 32. Bb7 Rc4 33. Bxd5+ Rxd5 34. Nxd5 Rxc1+ 35. Kf2 Nc4 36. a4 Ra1 37. Re4 Ra2+ 38. Kg3 Rd2 39. Rxc4 Rxd5 40. Rc6 Rd3+ 41. Kf4 Rd4+ 42. Kf3 Rxb4 43. Rxd6 1/2-1/2

[Event "4NCL Online Division 7"]
[Site "online"]
[Date "2021.04.06"]
[EventDate "2021.04.06"]
[Round "6.92"]
[White "Cook, Philip"]
[WhiteElo "2147"]
[WhiteTeam "Hebden Bridge 1"]
[Black "Murrell, Mark R A"]
[BlackElo "1818"]
[BlackTeam "Redbridge All Sorts 3"]
[Result "1-0"]
[PlyCount "101"]

1. d4 f5 2. Nf3 e6 3. g3 Nf6 4. Bg2 d5 5. O-O Bd6 6. c4 c6 7. Nbd2 Nbd7 8. Qc2 Ne4 9. Ne1 O-O 10. Nd3 Qf6 11. Nf3 g5 12. e3 h5 13. b4 h4 14. Nfe5 g4 15. Bb2 Ng5 16. c5 Bxe5 17. dxe5 Qh6 18. Nf4 Rf7 19. Bd4 Rh7 20. Bh1 Nh3+ 21. Nxh3 gxh3 22. Bf3 Qg7 23. Kh1 hxg3 24. fxg3 Nf8 25. g4 Ng6 26. gxf5 exf5 27. Rg1 Be6 28. Rxg6 Qxg6 29. Rg1 Rg7 30. Rxg6 Rxg6 31. Bc3 Rf8 32. Be1 Rg7 33. Bg3 a6 34. Qf2 Kf7 35. Bh5+ Ke7 36. Bf4 Rfg8 37. Bg3 Kd7 38. Be2 Ke8 39. a4 Bd7 40. Bf1 Rh7 41. Qf3 Kf7 42. Bf4 Rgh8 43. Bd3 Be6 44. Bg3 Rh5 45. Kg1 Bd7 46. Kf1 Ke6 47. Ke1 Be8 48. Kd2 Rg5 49. Kc3 Bh5 50. Qf4 Rg4 51. Bxf5+ 1-0

[Event "4NCL Online Division 7"]
[Site "online"]
[Date "2021.04.06"]
[EventDate "2021.04.06"]
[Round "6.93"]
[White "Newton, Colin"]
[WhiteElo "1767"]
[WhiteTeam "Redbridge All Sorts 3"]
[Black "Clarkson, Andrew"]
[BlackElo "2043"]
[BlackTeam "Hebden Bridge 1"]
[Result "0-1"]

1. d4 Nf6 2. c4 g6 3. Nc3 d5 4. cxd5 Nxd5 5. e4 Nxc3 6. bxc3 Bg7 7. Nf3 c5 8. h3 cxd4 9. cxd4 Nc6 10. Bb5 Qa5+ 11. Bd2 Qxb5 12. Rb1 Qd3 0-1

[Event "4NCL Online Division 7"]
[Site "online"]
[Date "2021.04.06"]
[EventDate "2021.04.06"]
[Round "6.94"]
[White "Leonard, Pete"]
[WhiteElo "1874"]
[WhiteTeam "Hebden Bridge 1"]
[Black "Wilson, Michael GA"]
[BlackElo "1688"]
[BlackTeam "Redbridge All Sorts 3"]
[Result "1-0"]
[PlyCount "115"]

1. e4 e6 2. d3 d5 3. Nd2 Nf6 4. Ngf3 Bc5 5. g3 dxe4 6. Nxe4 Nxe4 7. dxe4 Bxf2+ 8. Ke2 Qxd1+ 9. Kxd1 Bd7 10. Bd3 Nc6 11. Rf1 Bb6 12. e5 h6 13. Bd2 O-O-O 14. Bc3 Ne7 15. Kc1 Nd5 16. Bd2 Bc6 17. b4 Ne3 18. Bxe3 Bxe3+ 19. Kb2 Bxf3 20. Rxf3 Bd4+ 21. c3 Bxe5 22. Kc2 Bf6 23. a4 Rd6 24. Rd1 Rhd8 25. Be2 c6 26. Rfd3 Kc7 27. Bf3 Be7 28. Rxd6 Bxd6 29. Rd3 f6 30. Bh5 e5 31. Bg6 b6 32. Kb3 c5 33. b5 Ra8 34. Be4 Rf8 35. Rf3 Be7 36. h4 Rd8 37. Rd3 Rf8 38. Bf5 g6 39. Rd7+ Kb8 40. Bxg6 Bd8 41. g4 Rg8 42. h5 Rh8 43. Kc4 Bc7 44. Rf7 Bd8 45. Kd5 Kc8 46. Bf5+ Kb8 47. Kc6 Re8 48. Be4 Re7 49. Rxe7 Bxe7 50. Kd7 Bf8 51. Ke8 Bd6 52. c4 a6 53. Kf7 axb5 54. axb5 Kc7 55. Kxf6 Kd7 56. Kg7 Ke8 57. Kxh6 Bf8+ 58. Kg6 1-0

[Event "4NCL Online Division 7"]
[Site "online"]
[Date "2021.04.06"]
[EventDate "2021.04.06"]
[Round "6.101"]
[White "Jones, Humphrey C N"]
[WhiteElo "1631"]
[WhiteTeam "Charlton Cobras B"]
[Black "Kanellopoulos, Panayotis"]
[BlackElo "2278"]
[BlackTeam "Colchester JFF A"]
[Result "0-1"]
[PlyCount "80"]

1. f4 d6 2. e4 c5 3. Nf3 g6 4. d4 Bg7 5. Nc3 cxd4 6. Nxd4 Nf6 7. Bb5+ Nfd7 8. Be3 O-O 9. O-O a6 10. Be2 Nc6 11. Nxc6 bxc6 12. Bd4 Rb8 13. Bxg7 Kxg7 14. Qd4+ Nf6 15. e5 dxe5 16. Qxd8 Rxd8 17. fxe5 Ng4 18. Na4 Nxe5 19. Rad1 Rxd1 20. Rxd1 Bf5 21. c3 Bc2 22. Rd4 a5 23. Bd1 Bxa4 24. Bxa4 Rxb2 25. Bb3 f5 26. Ra4 Nd3 27. g3 Nc5 28. Rxa5 Nxb3 29. axb3 Rxb3 30. Rc5 Rb6 31. Kf2 Kf6 32. h4 Ke6 33. Ke3 Kd6 34. Rc4 e5 35. Kd3 Rb1 36. Ke2 Rc1 37. Ra4 Rxc3 38. g4 Rh3 39. gxf5 gxf5 40. Kf2 f4 0-1

[Event "4NCL Online Division 7"]
[Site "online"]
[Date "2021.04.06"]
[EventDate "2021.04.06"]
[Round "6.102"]
[White "Popovici, Rees"]
[WhiteElo "1661"]
[WhiteTeam "Colchester JFF A"]
[Black "Rogers, David M"]
[BlackElo "1547"]
[BlackTeam "Charlton Cobras B"]
[Result "0-1"]
[PlyCount "31"]

1. e4 e6 2. d4 d5 3. exd5 exd5 4. Nc3 Bb4 5. Bd2 Nc6 6. Bb5 Ne7 7. a3 Bd6 8. Bxc6+ bxc6 9. Nf3 Ba6 10. Na4 O-O 11. Nc5 Bxc5 12. dxc5 Nf5 13. Ng1 Re8+ 14. Ne2 Rxe2+ 15. Qxe2 Bxe2 16. Kxe2 0-1

[Event "4NCL Online Division 7"]
[Site "online"]
[Date "2021.04.06"]
[EventDate "2021.04.06"]
[Round "6.103"]
[White "Bazan, Mateusz"]
[WhiteElo "1595"]
[WhiteTeam "Charlton Cobras B"]
[Black "Rida, Ruqayyah"]
[BlackElo "1574"]
[BlackTeam "Colchester JFF A"]
[Result "0-1"]
[PlyCount "136"]

1. d4 Nf6 2. c4 g6 3. Nc3 Bg7 4. e4 d6 5. Nf3 O-O 6. g3 e5 7. d5 Ne8 8. Bg2 f5 9. b3 f4 10. Bb2 g5 11. gxf4 exf4 12. h3 h6 13. Na4 Nf6 14. Qc2 Re8 15. Nd2 Nbd7 16. f3 Ne5 17. O-O-O Nh5 18. Nf1 Bd7 19. Nc3 Qe7 20. Ne2 a5 21. Nh2 a4 22. Ng4 axb3 23. axb3 Ra7 24. Kd2 Rea8 25. Nxe5 Bxe5 26. Bxe5 Qxe5 27. Qc3 Ra2+ 28. Kd3 Rxe2 29. Qxe5 Re3+ 30. Kd4 dxe5+ 31. Kxe5 Ng3 32. Rhe1 Rxb3 33. d6 Re8+ 34. Kd5 c6+ 35. Kd4 Rb2 36. Bf1 Kg7 37. e5 Nxf1 38. Rxf1 Re2 39. Rfe1 Rxe1 40. Rxe1 Bxh3 41. Kc5 Be6 42. Kb6 Bxc4 43. d7 Rh8 44. Kc7 Kf7 45. d8=Q Rxd8 46. Kxd8 Ke6 47. Kc7 Bd5 48. Rh1 Bxf3 49. Rxh6+ Kxe5 50. Kxb7 g4 51. Kb6 Bd5 52. Kc5 f3 53. Rh8 f2 54. Re8+ Kf4 55. Rf8+ Kg3 56. Kd4 Bf3 57. Ke3 f1=Q 58. Kd2 Qe2+ 59. Kc3 Kf2 60. Kd4 g3 61. Rg8 g2 62. Rxg2+ Kxg2 63. Kc5 Qe5+ 64. Kb6 Qd5 65. Ka6 Qb5+ 66. Ka7 Be4 67. Ka8 c5+ 68. Ka7 Qb7# 0-1

[Event "4NCL Online Division 7"]
[Site "online"]
[Date "2021.04.06"]
[EventDate "2021.04.06"]
[Round "6.104"]
[White "Catabay, Mae Katelyn Rose"]
[WhiteElo "1565"]
[WhiteTeam "Colchester JFF A"]
[Black "Verbytski, Oleg"]
[BlackElo "1336"]
[BlackTeam "Charlton Cobras B"]
[Result "1-0"]
[PlyCount "93"]

1. e4 c5 2. Nf3 d6 3. d4 cxd4 4. Nxd4 Nf6 5. Nc3 a6 6. f3 e6 7. Be3 Be7 8. Qd2 b5 9. O-O-O Bb7 10. g4 Nc6 11. h4 Rc8 12. h5 Qc7 13. Kb1 Nxd4 14. Bxd4 b4 15. Na4 e5 16. Be3 a5 17. g5 Nd7 18. Qf2 Qc6 19. Nb6 Nxb6 20. Bxb6 a4 21. Be3 a3 22. Rd5 O-O 23. Rb5 Qd7 24. Rxb4 d5 25. Rb3 dxe4 26. Bb5 Qf5 27. f4 axb2 28. Rxb2 Bd5 29. Ba6 Rb8 30. c4 Ba3 31. Rb3 Bc6 32. Bb5 Bxb5 33. cxb5 Ra8 34. b6 exf4 35. Qxf4 Qd5 36. b7 Rab8 37. Rxa3 Rxb7+ 38. Ka1 Qb5 39. Rb3 Qa6 40. Rxb7 Qxb7 41. Qe5 Ra8 42. h6 f5 43. Qe6+ Kh8 44. Bd4 Rg8 45. hxg7+ Qxg7 46. Bxg7+ Kxg7 47. Qf6# 1-0

[Event "4NCL Online Division 7"]
[Site "online"]
[Date "2021.04.06"]
[EventDate "2021.04.06"]
[Round "6.111"]
[White "Ward, George"]
[WhiteElo "1736"]
[WhiteTeam "MK Phoenix 4"]
[Black "Jones, H Trevor"]
[BlackElo "1814"]
[BlackTeam "Guildford Castles 3"]
[Result "1-0"]
[PlyCount "53"]

1. Nf3 Nf6 2. d4 e6 3. c3 d5 4. e3 Bd6 5. Bd3 O-O 6. O-O Nbd7 7. Nbd2 e5 8. dxe5 Nxe5 9. Nxe5 Bxe5 10. Nf3 Bd6 11. Qc2 h6 12. h3 Re8 13. Rd1 Qe7 14. b3 Ne4 15. Bb2 c6 16. c4 dxc4 17. Bxc4 Ng5 18. Nxg5 Qxg5 19. Rxd6 Bxh3 20. Rg6 Bf5 21. Rxg5 Bxc2 22. Rxg7+ Kh8 23. Rxf7+ Kg8 24. Rxb7+ Kf8 25. Rf7+ Kg8 26. Rxa7+ Kf8 27. Bg7# 1-0

[Event "4NCL Online Division 7"]
[Site "online"]
[Date "2021.04.06"]
[EventDate "2021.04.06"]
[Round "6.112"]
[White "Tzanidakis, Michail"]
[WhiteElo "1670"]
[WhiteTeam "Guildford Castles 3"]
[Black "McCready, Mark"]
[BlackElo "1736"]
[BlackTeam "MK Phoenix 4"]
[Result "1-0"]
[PlyCount "21"]

1. e4 a6 2. d4 b5 3. Nf3 Bb7 4. Bd3 Nf6 5. O-O Nxe4 6. Nc3 Nxc3 7. bxc3 e6 8. Ng5 h6 9. Qh5 Qf6 10. Nxf7 Ke7 11. Nxh8 1-0

[Event "4NCL Online Division 7"]
[Site "online"]
[Date "2021.04.06"]
[EventDate "2021.04.06"]
[Round "6.113"]
[White "McKeon, John"]
[WhiteElo "1585"]
[WhiteTeam "MK Phoenix 4"]
[Black "Gunn, Michael J"]
[BlackElo "1582"]
[BlackTeam "Guildford Castles 3"]
[Result "1/2-1/2"]
[PlyCount "88"]

1. d4 Nf6 2. Bf4 e6 3. e3 d5 4. c3 Bd6 5. Bg3 Bxg3 6. hxg3 Bd7 7. Nd2 a6 8. Qb3 Bc6 9. Ngf3 Nbd7 10. Bd3 h6 11. Rh4 Qe7 12. Qc2 e5 13. dxe5 Nxe5 14. Nxe5 Qxe5 15. Nf3 Qe7 16. Nd4 Bd7 17. Qb3 b5 18. a3 c5 19. Nf5 Bxf5 20. Bxf5 O-O 21. Rd1 Rad8 22. Kf1 Qe5 23. Qc2 Rfe8 24. g4 Ne4 25. Bxe4 Qxe4 26. Qe2 d4 27. cxd4 cxd4 28. Rh3 d3 29. Qf3 Qc4 30. Rd2 Qc1+ 31. Qd1 Qxd1+ 32. Rxd1 Rd6 33. g5 hxg5 34. Rd2 Rc8 35. Ke1 Rc1+ 36. Rd1 d2+ 37. Ke2 Rc2 38. b4 Ra2 39. e4 f6 40. Re3 Kf7 41. f3 Ke6 42. Rc3 g6 43. Ke3 f5 44. Rb3 Rc2 1/2-1/2

[Event "4NCL Online Division 7"]
[Site "online"]
[Date "2021.04.06"]
[EventDate "2021.04.06"]
[Round "6.114"]
[White "McCormick, Christopher"]
[WhiteElo "1043"]
[WhiteTeam "Guildford Castles 3"]
[Black "Cox, Lucian"]
[BlackElo "1469"]
[BlackTeam "MK Phoenix 4"]
[Result "0-1"]
[PlyCount "50"]

1. c4 Nf6 2. Nf3 g6 3. Nc3 Bg7 4. e4 d6 5. Bd3 O-O 6. O-O e5 7. b3 Nc6 8. Ba3 Be6 9. Ng5 Bg4 10. f3 Bd7 11. c5 h6 12. Nxf7 Rxf7 13. Bc4 d5 14. exd5 Na5 15. c6 Nxc4 16. bxc4 bxc6 17. Qe2 cxd5 18. cxd5 c6 19. Qxe5 Nxd5 20. Qd6 Nxc3 21. dxc3 Bxc3 22. Qxg6+ Rg7 23. Qxh6 Bxa1 24. Rxa1 Qg5 25. Qh3 Bxh3 0-1

[Event "4NCL Online Division 7"]
[Site "online"]
[Date "2021.04.06"]
[EventDate "2021.04.06"]
[Round "6.121"]
[White "Dunford, Anthony D"]
[WhiteElo "1810"]
[WhiteTeam "The Hemel's Gambit"]
[Black "Wylie, Steve"]
[BlackElo "1755"]
[BlackTeam "Devana Corieltauvorum"]
[Result "1-0"]
[PlyCount "132"]

1. e4 d5 2. exd5 Qxd5 3. Nc3 Qd8 4. Bc4 Nf6 5. d3 c6 6. Nge2 e5 7. O-O Bd6 8. Bg5 Bg4 9. Qd2 Nbd7 10. Rae1 Qc7 11. h3 Bh5 12. Nf4 Bg6 13. Nxg6 fxg6 14. Ne4 Nxe4 15. dxe4 Nf6 16. a4 h6 17. Bh4 g5 18. Bg3 O-O-O 19. Qe3 Kb8 20. a5 Nh5 21. Ra1 Nxg3 22. Qxg3 Rhf8 23. c3 Rf6 24. b4 a6 25. Rad1 Rdf8 26. Be2 Qf7 27. Rd2 Bc7 28. Bg4 Rf4 29. Rd7 Qf6 30. Qe3 g6 31. g3 h5 32. gxf4 gxf4 33. Qf3 hxg4 34. Qxg4 Rh8 35. Kh2 Rh4 36. Qf3 Qe6 37. Rd3 g5 38. Rg1 Qh6 39. Rg4 b6 40. Rxh4 Qxh4 41. axb6 Bxb6 42. Kg2 Kc7 43. Rd2 a5 44. Qg4 Qxg4+ 45. hxg4 axb4 46. cxb4 Bd4 47. Rd1 Kb6 48. Rh1 Kb5 49. Rh6 Bc3 50. Rg6 Bxb4 51. Rxg5 Bd6 52. Rg6 Bc7 53. Rg7 Bd6 54. Rd7 Bf8 55. Rd8 Be7 56. Re8 Bf6 57. g5 Bxg5 58. Rxe5+ c5 59. Rxg5 Kb4 60. Kf3 c4 61. Kxf4 c3 62. e5 c2 63. Rg1 Kb3 64. e6 Kb2 65. e7 c1=Q+ 66. Rxc1 Kxc1 1-0

[Event "4NCL Online Division 7"]
[Site "online"]
[Date "2021.04.06"]
[EventDate "2021.04.06"]
[Round "6.122"]
[White "Manger, John D"]
[WhiteElo "1660"]
[WhiteTeam "Devana Corieltauvorum"]
[Black "Rollinson, David"]
[BlackElo "1608"]
[BlackTeam "The Hemel's Gambit"]
[Result "0-1"]
[PlyCount "100"]

1. e4 e6 2. d4 d5 3. Nc3 Bb4 4. Bd3 c5 5. Bb5+ Nc6 6. exd5 exd5 7. Ne2 Nf6 8. a3 Bxc3+ 9. Nxc3 Qe7+ 10. Qe2 Qxe2+ 11. Nxe2 cxd4 12. Nxd4 Bd7 13. Nb3 O-O 14. O-O b6 15. Bf4 Rac8 16. c3 Nd8 17. Bxd7 Nxd7 18. Rad1 Re8 19. Rxd5 Nf6 20. Rd2 Ne6 21. Be3 Ne4 22. Rdd1 Nf6 23. h3 h6 24. Rd3 Re7 25. Rfd1 Rce8 26. g3 Kh7 27. Kg2 Kg8 28. Rd6 Kh7 29. R1d3 Kg8 30. Nd2 Kh7 31. Nf3 Kg8 32. Nh4 Kh7 33. Nf5 Rc7 34. g4 Rc4 35. Ng3 Rc7 36. f3 Rc4 37. Kf2 Rc7 38. h4 Rc4 39. g5 hxg5 40. hxg5 Ng8 41. Nf5 g6 42. Nd4 Nc5 43. Rd1 Ne7 44. Rh1+ Kg7 45. f4 Ne4+ 46. Kf3 Nxd6 47. Ne2 Rh8 48. Bd4+ Rxd4 49. Rxh8 Rd3+ 50. Kf2 Kxh8 0-1

[Event "4NCL Online Division 7"]
[Site "online"]
[Date "2021.04.06"]
[EventDate "2021.04.06"]
[Round "6.123"]
[White "Huhn, Robert M"]
[WhiteElo "1377"]
[WhiteTeam "The Hemel's Gambit"]
[Black "Pettitt, David"]
[BlackElo "1658"]
[BlackTeam "Devana Corieltauvorum"]
[Result "1/2-1/2"]
[PlyCount "77"]

1. c4 e5 2. Nc3 Nf6 3. Nf3 Nc6 4. g3 d5 5. cxd5 Nxd5 6. Bg2 Nxc3 7. bxc3 Be6 8. O-O Bd6 9. d4 exd4 10. cxd4 Bd5 11. e4 Bc4 12. Re1 Be7 13. Bb2 O-O 14. Qc2 Ba6 15. a3 Re8 16. d5 Na5 17. Rac1 Nc4 18. Bf1 Nxb2 19. Bxa6 bxa6 20. Qxb2 Rb8 21. Qc2 Bxa3 22. Ra1 Bb4 23. Rec1 Bd6 24. Rxa6 Rb7 25. Rc6 Rb6 26. Rxc7 Qxc7 27. Qxc7 Bxc7 28. Rxc7 f6 29. Nd2 Rb2 30. Nc4 Rb1+ 31. Kg2 Rc1 32. d6 Rd1 33. Rxa7 Rd8 34. Rc7 Kf8 35. Kf3 h6 36. Ke2 Rd4 37. Ke3 Rd1 38. Ke2 Rd4 39. Ke3 1/2-1/2

[Event "4NCL Online Division 7"]
[Site "online"]
[Date "2021.04.06"]
[EventDate "2021.04.06"]
[Round "6.124"]
[White "Twigg, James"]
[WhiteElo "1650"]
[WhiteTeam "Devana Corieltauvorum"]
[Black "Wrzesinski, Roman"]
[BlackElo "1231"]
[BlackTeam "The Hemel's Gambit"]
[Result "1/2-1/2"]
[PlyCount "50"]

1. d4 d5 2. c4 c6 3. Nc3 Nf6 4. cxd5 Nxd5 5. e4 Nf6 6. Nf3 Bg4 7. Be2 e6 8. h3 Bxf3 9. Bxf3 Nbd7 10. O-O Be7 11. e5 Nd5 12. Nxd5 exd5 13. a3 O-O 14. Re1 Re8 15. b4 Nf8 16. Qb3 a6 17. Bd2 Ne6 18. Bc3 Bh4 19. g3 Qg5 20. Kf1 Qf5 21. Bg4 Qd3+ 22. Be2 Qe4 23. Bg4 Qd3+ 24. Be2 Qe4 25. Bg4 Qd3+ 1/2-1/2

[Event "4NCL Online Division 7"]
[Site "online"]
[Date "2021.04.06"]
[EventDate "2021.04.06"]
[Round "6.131"]
[White "Blohm, L"]
[WhiteElo "1980"]
[WhiteTeam "Newport B"]
[Black "Hameed, Asif"]
[BlackElo "1773"]
[BlackTeam "Oxford 5"]
[Result "0-1"]
[PlyCount "34"]

1. e4 e5 2. f4 d5 3. exd5 exf4 4. Qf3 Qh4+ 5. g3 fxg3 6. hxg3 Qg4 7. Bb5+ Kd8 8. Nc3 Nf6 9. Rh4 Qf5 10. Rf4 Qe5+ 11. Nge2 Bd6 12. d4 Qe7 13. Bd2 Bxf4 14. Bxf4 a6 15. Ba4 Bg4 16. Qg2 Bxe2 17. Nxe2 Qb4+ 0-1

[Event "4NCL Online Division 7"]
[Site "online"]
[Date "2021.04.06"]
[EventDate "2021.04.06"]
[Round "6.132"]
[White "Hertog, Alexander"]
[WhiteElo "1577"]
[WhiteTeam "Oxford 5"]
[Black "Addis, Joseph"]
[BlackElo "1825"]
[BlackTeam "Newport B"]
[Result "0-1"]
[PlyCount "64"]

1. c4 e5 2. g3 Nf6 3. Bg2 d5 4. cxd5 Nxd5 5. Nc3 Nb6 6. Nf3 Nc6 7. b3 Be7 8. Bb2 O-O 9. Ne4 f5 10. Nc3 Be6 11. d3 Bf6 12. O-O Nd4 13. e3 Nxf3+ 14. Bxf3 c6 15. Ne2 Bd5 16. e4 Be6 17. d4 fxe4 18. Bxe4 Qc7 19. Qc2 h6 20. Rfd1 Rae8 21. d5 Bg4 22. f3 Bd7 23. Ba3 Rf7 24. Bg6 e4 25. Bxf7+ Kxf7 26. d6 Qd8 27. Rab1 exf3 28. Nf4 Nd5 29. Qg6+ Kg8 30. Nxd5 cxd5 31. Bb2 Qb6+ 32. Kh1 Qf2 0-1

[Event "4NCL Online Division 7"]
[Site "online"]
[Date "2021.04.06"]
[EventDate "2021.04.06"]
[Round "6.133"]
[White "Boyd, Chris"]
[WhiteElo "1833"]
[WhiteTeam "Newport B"]
[Black "Henbest, Kevin B"]
[BlackElo "1626"]
[BlackTeam "Oxford 5"]
[Result "1-0"]
[PlyCount "133"]

1. e4 c5 2. Nf3 d6 3. Nc3 Nf6 4. Bc4 e6 5. d3 Be7 6. O-O O-O 7. Bg5 Nbd7 8. Qe2 Qc7 9. Rad1 a6 10. a4 b6 11. h4 Bb7 12. Bb3 Rfe8 13. Bf4 Rac8 14. Ng5 Nf8 15. h5 h6 16. Nh3 Qd7 17. g4 d5 18. e5 N6h7 19. Bc1 Qc6 20. f3 c4 21. Ba2 b5 22. axb5 axb5 23. Qe1 b4 24. Ne2 Ra8 25. Bb1 Nd7 26. d4 Qc7 27. f4 Qd8 28. f5 exf5 29. Rxf5 f6 30. e6 Ndf8 31. Nef4 Bd6 32. c3 Bxf4 33. Nxf4 Ng5 34. Qf2 Nfxe6 35. Kg2 bxc3 36. bxc3 Ra1 37. Qb2 Ra7 38. Qc2 Ne4 39. Nxe6 Rxe6 40. Rdf1 Bc6 41. R1f3 Rae7 42. Re3 Qd7 43. Rf4 Ng5 44. Qf2 Qe8 45. Bg6 Qd7 46. Bf5 Ne4 47. Bxe6+ Rxe6 48. Qe1 Ba4 49. Bd2 Bc2 50. Qa1 Bd3 51. Be1 Qd6 52. Rff3 Qe7 53. Qa8+ Kh7 54. Qxd5 Rd6 55. Qf5+ Kg8 56. Rf4 Re6 57. Qd5 Kh8 58. Bg3 Ng5 59. Rxe6 Nxe6 60. Rf2 Ng5 61. Qd6 Qe4+ 62. Kh2 Qa8 63. Qf4 Be4 64. Rf1 Qa2+ 65. Rf2 Qb1 66. Rg2 Qf1 67. Qxf1 1-0

[Event "4NCL Online Division 7"]
[Site "online"]
[Date "2021.04.06"]
[EventDate "2021.04.06"]
[Round "6.134"]
[White "Murawski, Jan"]
[WhiteElo "1529"]
[WhiteTeam "Oxford 5"]
[Black "Thomas, Clive"]
[BlackElo "1770"]
[BlackTeam "Newport B"]
[Result "1/2-1/2"]
[PlyCount "167"]

1. d4 Nf6 2. c4 e6 3. Nc3 Bb4 4. Nf3 Bxc3+ 5. bxc3 b6 6. Bg5 Bb7 7. e3 h6 8. Bh4 d6 9. Be2 Nbd7 10. O-O g5 11. Bg3 Ne4 12. Bd3 Nxg3 13. hxg3 Qe7 14. Nd2 O-O-O 15. g4 Rdg8 16. Ne4 f5 17. gxf5 exf5 18. Ng3 f4 19. Nf5 Qe6 20. Re1 f3 21. d5 Qe5 22. Qxf3 Rf8 23. Rac1 Nc5 24. Bb1 Kb8 25. Qg3 Rxf5 26. Bxf5 Qxf5 27. e4 Qe5 28. Qxe5 dxe5 29. Rcd1 Rd8 30. Kh2 Ba6 31. Kg3 Bxc4 32. a3 Nd3 33. Rh1 Rd6 34. Rd2 Nf4 35. f3 c6 36. Kg4 cxd5 37. Kf5 Kc7 38. Kxe5 Re6+ 39. Kf5 dxe4 40. g3 e3 41. Rd4 Bd3+ 42. Kg4 e2 43. gxf4 e1=Q 44. Rxe1 Rxe1 45. Rxd3 gxf4 46. Kxf4 Rg1 47. Kf5 h5 48. f4 h4 49. Kf6 Rg3 50. Rd5 Rxc3 51. Rh5 h3 52. a4 Rc6+ 53. Ke7 Rc4 54. f5 Re4+ 55. Kf6 Rxa4 56. Rxh3 Rf4 57. Ke5 Rf1 58. Rh7+ Kc6 59. Rxa7 Re1+ 60. Kd4 Rf1 61. Ke5 Re1+ 62. Kf6 Rf1 63. Kg6 Rg1+ 64. Kf7 b5 65. Ra8 Kb7 66. Ra2 Kc6 67. f6 Rf1 68. Rb2 Kc5 69. Ke7 Re1+ 70. Kd7 Rf1 71. Ke7 Re1+ 72. Kf8 b4 73. f7 Rf1 74. Kg7 Rg1+ 75. Kf6 Rf1+ 76. Ke7 Re1+ 77. Kd7 Rf1 78. Ke7 Re1+ 79. Kf6 Rf1+ 80. Kg7 Rg1+ 81. Kh7 Rf1 82. Kg8 Rg1+ 83. Kh8 Rf1 84. Kg7 1/2-1/2

[Event "4NCL Online Division 7"]
[Site "online"]
[Date "2021.04.06"]
[EventDate "2021.04.06"]
[Round "6.141"]
[White "Davies, Owain"]
[WhiteElo "1923"]
[WhiteTeam "Aberystwyth University 1"]
[Black "Liu, Wenle"]
[BlackElo "1162"]
[BlackTeam "St Benildus E"]
[Result "1/2-1/2"]
[PlyCount "57"]

1. e4 e5 2. Nc3 Nc6 3. g3 Bc5 4. Bg2 Nf6 5. Nge2 d6 6. O-O O-O 7. Na4 Bb6 8. Nxb6 axb6 9. d4 exd4 10. Nxd4 Nxd4 11. Qxd4 Bd7 12. b3 Re8 13. Re1 Bc6 14. Bg5 Ra5 15. Bxf6 Qxf6 16. Qxf6 gxf6 17. c4 Rae5 18. f4 R5e7 19. Kf2 Bxe4 20. Bxe4 Rxe4 21. Rxe4 Rxe4 22. Rd1 Kg7 23. Kf3 Re8 24. a4 Kg6 25. h3 h5 26. h4 f5 27. Rd3 Kf6 28. Kf2 Re4 29. Kf3 1/2-1/2

[Event "4NCL Online Division 7"]
[Site "online"]
[Date "2021.04.06"]
[EventDate "2021.04.06"]
[Round "6.142"]
[White "Hand, Joseph"]
[WhiteElo "1092"]
[WhiteTeam "St Benildus E"]
[Black "Westwood, Cameron"]
[BlackElo "1705"]
[BlackTeam "Aberystwyth University 1"]
[Result "0-1"]
[PlyCount "108"]

1. Nf3 c5 2. e4 g6 3. g3 Bg7 4. Bg2 e5 5. O-O Nc6 6. d3 Nge7 7. Nbd2 d6 8. b3 O-O 9. Bb2 h6 10. h3 Be6 11. Nh2 Qd7 12. g4 Kh7 13. f4 f5 14. Nc4 fxg4 15. Nxg4 exf4 16. Bxg7 Kxg7 17. Bf3 Nd4 18. c3 Nxf3+ 19. Qxf3 Bxg4 20. Qxg4 Qxg4+ 21. hxg4 Rad8 22. Kg2 Nc6 23. Rad1 Ne5 24. Nxe5 dxe5 25. Kf3 Rd7 26. Rf2 Rfd8 27. Rfd2 Kf6 28. a4 Kg5 29. b4 cxb4 30. cxb4 Rd4 31. b5 Rxa4 32. b6 a6 33. Rg1 Rb4 34. Rgd1 Rxb6 35. d4 Rb3+ 36. Kf2 exd4 37. Rxd4 Rxd4 38. Rxd4 Kxg4 39. Rd1 Rb2+ 40. Ke1 Rb4 41. Kf2 Rxe4 42. Rg1+ Kf5 43. Rh1 h5 44. Rb1 Re7 45. Rc1 g5 46. Rc5+ Re5 47. Rc7 Rb5 48. Rf7+ Kg4 49. Rg7 Rb2+ 50. Kf1 Kf3 51. Ke1 g4 52. Rd7 g3 53. Rd3+ Kg2 54. Rd8 f3 0-1

[Event "4NCL Online Division 7"]
[Site "online"]
[Date "2021.04.06"]
[EventDate "2021.04.06"]
[Round "6.143"]
[White "Horhey, Matthew"]
[WhiteElo "1600"]
[WhiteTeam "Aberystwyth University 1"]
[Black "Gubala, Max"]
[BlackElo "1110"]
[BlackTeam "St Benildus E"]
[Result "1-0"]
[PlyCount "69"]

1. e4 c5 2. Nf3 e6 3. d4 cxd4 4. Nxd4 Nc6 5. c4 Qa5+ 6. Nc3 Bb4 7. Nxc6 bxc6 8. Bd2 Nf6 9. Bd3 Ba6 10. a3 Bxc3 11. Bxc3 Qg5 12. O-O d5 13. f4 Qh6 14. exd5 cxd5 15. Qa4+ Nd7 16. Qxa6 dxc4 17. Bxc4 O-O 18. Qb5 Nf6 19. Be2 a6 20. Qa4 Nd5 21. Rac1 Ne3 22. Rf3 Nf5 23. Rh3 Qg6 24. Bh5 Qxh5 25. Rxh5 g6 26. Rxf5 exf5 27. Qd4 f6 28. Qd7 Rf7 29. Qd5 Re8 30. Bxf6 Rb8 31. Rc7 Rf8 32. Be7 Re8 33. Bb4 Kg7 34. Qxf7+ Kh6 35. Qxh7# 1-0

[Event "4NCL Online Division 7"]
[Site "online"]
[Date "2021.04.06"]
[EventDate "2021.04.06"]
[Round "6.144"]
[White "Kashanin, Dimitry"]
[WhiteElo "967"]
[WhiteTeam "St Benildus E"]
[Black "Bates, Toby"]
[BlackElo "1550"]
[BlackTeam "Aberystwyth University 1"]
[Result "0-1"]
[PlyCount "40"]

1. e4 Nf6 2. Nc3 e5 3. Nf3 Nc6 4. Bb5 d6 5. O-O Bg4 6. d4 a6 7. Bxc6+ bxc6 8. dxe5 Nd7 9. exd6 Bxd6 10. Qd4 Bxf3 11. Qxg7 Be5 12. Qh6 Rg8 13. g3 Qf6 14. Qxh7 O-O-O 15. Qf5 Rh8 16. Bg5 Qxf5 17. exf5 Rdg8 18. h4 f6 19. Be3 Rxh4 20. a4 Rh1# 0-1

[Event "4NCL Online Division 7"]
[Site "online"]
[Date "2021.04.06"]
[EventDate "2021.04.06"]
[Round "6.151"]
[White "Hayden, Luke"]
[WhiteElo "1636"]
[WhiteTeam "Wolfpack 2"]
[Black "Smith, Steven J"]
[BlackElo "1658"]
[BlackTeam "Wessex Some Stars F"]
[Result "0-1"]
[PlyCount "94"]

1. d4 Nf6 2. g4 Nxg4 3. e4 d6 4. Be2 Nf6 5. Nc3 e6 6. Nf3 Be7 7. Rg1 g6 8. Qd3 Nc6 9. a3 d5 10. e5 Nd7 11. h4 Bxh4 12. Nxh4 Qxh4 13. Nb5 O-O 14. Bg5 Qe4 15. Qxe4 dxe4 16. Nxc7 Nxd4 17. Nxa8 Nxc2+ 18. Kd2 Nxa1 19. Rxa1 Nxe5 20. Nc7 f6 21. Be3 Rd8+ 22. Ke1 a6 23. Bb6 Rd6 24. Ba5 Kf7 25. Rc1 Bd7 26. Na8 Bc6 27. Bc7 Nd3+ 28. Bxd3 Rxd3 29. Nb6 e5 30. Nc4 Ke6 31. Ke2 h5 32. Nd2 Rd7 33. Bb6 h4 34. Ke3 f5 35. Rg1 f4+ 36. Ke2 Kf5 37. f3 exf3+ 38. Nxf3 Bxf3+ 39. Kxf3 Rd2 40. Re1 Rd3+ 41. Kf2 Rb3 42. Re2 g5 43. Bc7 e4 44. Rc2 Kg4 45. Bd8 h3 46. Rc5 Rxb2+ 47. Kg1 Rb5 0-1